| 000 | 00854nam a22002417a 4500 | ||
|---|---|---|---|
| 003 | OSt | ||
| 005 | 20251024013329.0 | ||
| 008 | 251008b |||||||| |||| 00| 0 eng d | ||
| 020 | _a971-92956-2-7 (pt 1a); 97 | ||
| 040 |
_aDWCL-Main lib _cOC |
||
| 082 | _aFil. 419.599 In61 2004 | ||
| 110 | _aPhilippine Deaf Resource Center | ||
| 245 | _aAn introduction to Filipino Sign Language | ||
| 260 |
_aQuezon City : _bPhilippine Deaf Resource Center : Philippine Federation of the Deaf, _cc2004. |
||
| 300 |
_axix, 162 p. : _billustration ; _c21 cm. |
||
| 504 | _aIncludes index. | ||
| 650 | _21. Deaf communications. | ||
| 650 | _22. Philippine sign language. | ||
| 650 | _23. Sign language--Philippines. | ||
| 650 | _24. Sign language--Study and teaching--Philippines. | ||
| 710 | _aPhilippine Federation of Deaf | ||
| 942 |
_2ddc _cBK - FIL _kFil. _n0 |
||
| 999 |
_c4715 _d4715 |
||